Vista normal
Vista MARC
Entrada Personal Name
Número de registros utilizados en: 1
001 - CONTROL NUMBER
- control field: 10919
003 - CONTROL NUMBER IDENTIFIER
- control field: DLC
005 - DATE AND TIME OF LATEST TRANSACTION
- control field: 20200902171756.0
008 - FIXED-LENGTH DATA ELEMENTS
- fixed length control field: 800527n| azannaab |n aaa
010 ## - LIBRARY OF CONGRESS CONTROL NUMBER
- LC control number: n 79110946
040 ## - CATALOGING SOURCE
- Original cataloging agency: DLC
- Language of cataloging: spa
- Description conventions: rda
- Transcribing agency: Mx-PuUPA
- Modifying agency: DLC
- Modifying agency: Mx-PuUPA
100 10 - HEADING--PERSONAL NAME
- Personal name: Brymer, Robert A.,
372 ## - FIELD OF ACTIVITY
- Field of activity: Industria hotelera
374 ## - OCCUPATION
- Occupation: Autor
375 ## - GENDER
- Gender: hombre
377 ## - ASSOCIATED LANGUAGE
- Language code: eng
670 ## - SOURCE DATA FOUND
- Source citation: Introduction to hotel ... c1977.
670 ## - SOURCE DATA FOUND
- Source citation: Information from 678 converted Jan. 5, 2015
- Information found: (School of Hotel and Restaurant Management, Univ. of Denver)
670 ## - SOURCE DATA FOUND
- Source citation: Biblioteca del congreso (Estados Unidos), 02 septiembre 2020:
- Information found: Catálogo electrónico
- Uniform Resource Identifier: https://bit.ly/3jGnHdX